| 000 | 01894nam0a2200385 4500 | ||
|---|---|---|---|
| 001 | RU\NLR\BIBL_A\022674800 | ||
| 005 | 20260420060724.0 | ||
| 010 |
_a978-5-6046773-8-4 _9300 |
||
| 021 |
_aRU _bКН-П-25-061849 _9КН-П-25-5979 |
||
| 035 | _a(NLR Aleph) 022674800 | ||
| 090 |
_a13686374 _c13686374 |
||
| 100 | _a20251128d2025 k y0rusy50 ca | ||
| 101 | 0 | _arus | |
| 102 | _aRU | ||
| 105 | _aac z 001yy | ||
| 181 | 0 |
_ai3 _baxxe |
|
| 181 | 0 |
_ab2 _bxb2e |
|
| 182 | 0 | _an | |
| 200 | 1 |
_aКадр за кадром _eСвердловская киностудия в 1961-1970 гг. _fСтепан Недвига _gСоюз кинематографистов России, Свердловская организация, Музей Свердловской киностудии |
|
| 203 |
_aТекст _aИзображение _bвизуальные _cнепосредственные |
||
| 210 |
_aЕкатеринбург _cБанк культурной информации _d2025 |
||
| 215 |
_a445, [1] с. _cил., портр., табл. _d21 |
||
| 225 | 1 |
_aСерия "Очерки истории Урала " _fредакционный совет: Н. А. Миненко [и др.] _vвып. 90 |
|
| 320 | _aБиблиогр.: с. 434-443 и в подстроч. примеч. | ||
| 320 | _aУказ. фильмов, выпущ. Свердловской киностудией в 1961-1970 гг.: с. 383-410 | ||
| 320 | _aИмен. указ.: с. 412-433 | ||
| 601 | 0 | 2 |
_aСвердловская киностудия _92572855 _3RU\NLR\AUTH\6601732644 |
| 686 | 1 | _aЩ373(2Р)7л7 | |
| 700 | 1 |
_aНедвига _bС. И. _f1951- _gСтепан Иванович |
|
| 712 | 0 | 2 |
_4570 _aСвердловская киностудия _9864989 _3RU\NLR\AUTH\880600029 |
| 942 | _cBOOK | ||
| 980 | _aNB | ||